Memoriál Vincenta Mráza preteky, kde je účastník hosťom

Bibliographic Details
Main Author: Vasek, František (Author)
Format: Article
Language:Slovak
PhysicalDescription:Fotogr.
ISSN:1335-5740
Subjects:

MARC

LEADER 00000nab a2200000 ar4500
001 vtls009277536
003 SK-MaSNL
005 20260305034513.0
008 250506c2008 xo |||||||||||000 b|slo
015 |a SNBRB2008/03  |2 snkbucl 
035 |a (uuid)3ffccc41-8535-44dc-8e7f-abf7d33cf531 
035 |a urn:nbn:sk:snk-ab1w0l 
035 |a (urnnbn)urn:nbn:sk:snk:ar-a013us 
038 |a SNKBUCL 
040 |a SNKBUCL  |b slo  |c SNKBUCL  |e AACR2 
041 0 |a slo 
044 |a xo  |c SK 
080 |a 799.31.093.1  |x (437.6)  |2 2001 
100 1 |a Vasek, František  |4 aut  |9 26321 
245 1 0 |a Memoriál Vincenta Mráza  |b preteky, kde je účastník hosťom  |c František Vasek 
300 |b Fotogr. 
611 2 7 |a Memoriál Vincenta Mráza  |n (32. :  |d 2007 :  |c Bánov, Slovensko)  |2 snkbucl  |9 1616043 
650 0 7 |a športová streľba  |2 snkbucl  |9 29098 
651 7 |a Bánov (Slovensko)  |2 snkbucl  |9 107377 
651 7 |a Nové Zámky (Slovensko : okres)  |2 snkbucl  |9 15958 
773 0 |t Zbrane, strelci a lovci  |g Roč. IX, č. 1 (2008), s. 39  |x 1335-5740 
850 |a Slovenská národná knižnica 
852 |a Slovenská národná knižnica 
954 |a odborná, vedecká literatúra pôvodná (slovenská)  |2 lita 
958 |a article27 
958 |a SK 
958 |a OND 
958 |a EUIPO 
999 |c 3329639  |d 3331569